[Event "WchT (Women) Pool-B"]
[Site "Bydgoszcz"]
[Date "2023.09.07"]
[Round "3.1"]
[White "Wang, Annie"]
[Black "Campos, Maria Jose"]
[Result "0-1"]
[WhiteElo "2356"]
[BlackElo "2206"]
[PlyCount "144"]
[EventDate "2023.09.06"]
[EventType "team (rapid)"]
[EventRounds "5"]
[EventCountry "POL"]
[SourceTitle "CBM 216 Extra"]
[Source "ChessBase"]
[SourceDate "2023.11.30"]
[SourceVersion "1"]
[SourceVersionDate "2023.11.30"]
[SourceQuality "1"]
[WhiteTeam "United States (W)"]
[BlackTeam "FIDE Americas (W)"]
[WhiteTeamCountry "USA"]

1. d4 Nf6 2. c4 e6 3. Nc3 Bb4 4. Qc2 b6 5. e4 c5 6. d5 Qe7 7. Nge2 exd5 8. exd5 0-0 9. Bd2 d6 10. f3 Re8 11. 0-0-0 Nbd7 12. Ng3 Qd8 13. Be2 a6 14. Kb1 Ne5 15. h3 Rb8 16. f4 Ng6 17. Bd3 b5 18. Rhe1 Bd7 19. Rxe8+ Nxe8 20. Nge4 bxc4 21. Bxc4 Bf5 22. g4 Bc8 23. Ka1 Nf6 24. Re1 Nxe4 25. Nxe4 Bxd2 26. Qxd2 h6 27. Bd3 Ne7 28. Nc3 Rb4 29. Qe3 Kf8 30. f5 Ng8 31. Ne4 Rb6 32. a3 a5 33. Qd2 Rb8 34. Qf4 Rb6 35. Qd2 Rb8 36. Qc3 Nf6 37. Nxf6 Qxf6 38. Qxf6 gxf6 39. Kb1 Bd7 40. Kc2 Ba4+ 41. Kc1 Bb3 42. Be4 Re8 43. Kd2 Re5 44. Bf3 Kg7 45. Re3 Ba2 46. Rxe5 fxe5 47. Kc3 Bb1 48. Kc4 Bc2 49. b3 Kf6 50. Kc3 Bb1 51. Kb2 Bd3 52. Kc3 e4 53. Bd1 Ke5 54. h4 Kxd5 55. g5 hxg5 56. hxg5 Ke5 57. Bg4 d5 58. f6 d4+ 59. Kd2 Bb1 60. Kc1 Bd3 61. Kd2 Bb5 62. Bh5 e3+ 63. Ke1 Kf5 64. g6 Kxf6 65. gxf7 Ke7 66. Kd1 Bd3 67. Kc1 Be4 68. Kd1 Bd5 69. Kc2 Bxf7 70. Bf3 Bg6+ 71. Kd1 Kd6 72. Ke2 Bc2 0-1

[Event "USA-ch U20 Girls"]
[Site "Saint Louis"]
[Date "2021.07.25"]
[Round "9"]
[White "Wang, Annie"]
[Black "Yan, Rui Yang"]
[Result "1/2-1/2"]
[WhiteElo "2384"]
[BlackElo "2111"]
[PlyCount "72"]
[EventDate "2021.07.16"]
[EventType "tourn"]
[EventRounds "9"]
[EventCountry "USA"]
[SourceTitle "CBM 203 Extra"]
[Source "ChessBase"]
[SourceDate "2021.09.30"]
[SourceVersion "1"]
[SourceVersionDate "2021.09.30"]
[SourceQuality "1"]

1. d4 Nf6 2. c4 e6 3. Nf3 d5 4. Nc3 Bb4 5. Qb3 c5 6. dxc5 Nc6 7. Bg5 dxc4 8. Qxc4 Qa5 9. Bxf6 gxf6 10. Rc1 Qxc5 11. Qh4 Ke7 12. g3 Bxc3+ 13. Rxc3 Qb4 14. Qxb4+ Nxb4 15. a3 Nd5 16. Rc2 Bd7 17. Bg2 Rac8 18. Nd4 Rxc2 19. Nxc2 Rc8 20. Kd2 Ba4 21. Rc1 Rd8 22. Ke1 f5 23. Nd4 Kf6 24. b3 Be8 25. e3 b6 26. Rd1 Nc3 27. Rc1 Nd5 28. Rd1 Nc3 29. Rc1 Ne4 30. f4 Nc5 31. Ke2 a5 32. b4 axb4 33. axb4 Ne4 34. Bxe4 fxe4 35. Ra1 b5 36. Nb3 Bc6 1/2-1/2

[Event "Wch FIDE Online U18 Girls"]
[Site "Tornelo INT"]
[Date "2020.12.21"]
[Round "3.1"]
[White "Cervantes Landeiro, Thalia"]
[Black "Wang, Annie"]
[Result "1/2-1/2"]
[WhiteElo "2311"]
[BlackElo "2384"]
[PlyCount "136"]
[EventDate "2020.12.19"]
[EventType "k.o. (rapid)"]
[EventRounds "4"]
[EventCountry "ISS"]
[SourceTitle "EXT 2022"]
[Source "ChessBase"]
[SourceDate "2021.10.06"]
[SourceVersion "1"]
[SourceVersionDate "2021.10.06"]
[SourceQuality "1"]

1. d4 Nf6 2. c4 e6 3. Nf3 d5 4. Nc3 Bb4 5. cxd5 exd5 6. Bf4 0-0 7. e3 c6 8. Bd3 Bd6 9. Bg5 Bg4 10. Qc2 h6 11. Bh4 Nbd7 12. Bh7+ Kh8 13. Bf5 Bxf5 14. Qxf5 Qe7 15. 0-0 Rfe8 16. Rfe1 Qe6 17. Qxe6 Rxe6 18. Bg3 Bb4 19. Rec1 Nb6 20. Ne5 Kg8 21. Nd3 Bf8 22. Nc5 Bxc5 23. dxc5 Nbd7 24. Ne2 Ne4 25. Nd4 Ree8 26. b4 g6 27. Nb3 Nxg3 28. hxg3 Ne5 29. Na5 Re7 30. Rab1 Rc8 31. Rc2 b6 32. cxb6 axb6 33. Nb3 Nc4 34. Rd1 Ra8 35. b5 c5 36. Rxd5 Na3 37. Rcd2 Nxb5 38. Rd8+ Re8 39. Rxe8+ Rxe8 40. a4 Nc3 41. a5 c4 42. Nd4 bxa5 43. Rc2 Ne4 44. Rxc4 Rb8 45. f3 Rb1+ 46. Kh2 Nd2 47. Rc8+ Kg7 48. e4 a4 49. Ra8 Nf1+ 50. Kg1 Nxg3+ 51. Kf2 Nh1+ 52. Ke3 Rb2 53. g4 Ra2 54. e5 h5 55. Ra7 hxg4 56. fxg4 Ra3+ 57. Kf4 Kg8 58. Kg5 Nf2 59. e6 Nh3+ 60. Kf6 fxe6 61. Nxe6 Rf3+ 62. Kxg6 Nf4+ 63. Nxf4 Rxf4 64. g5 Rf8 65. Rxa4 Rb8 66. Ra6 Rc8 67. Kh6 Rb8 68. Rg6+ Kh8 1/2-1/2

[Event "Online Olym KO Stage"]
[Site "Chess.com INT"]
[Date "2020.08.29"]
[Round "3.6"]
[White "Shuvalova, Polina"]
[Black "Wang, Annie"]
[Result "1-0"]
[WhiteElo "2454"]
[BlackElo "2384"]
[PlyCount "89"]
[EventDate "2020.08.27"]
[EventType "team-k.o. (rapid)"]
[EventRounds "4"]
[EventCountry "USA"]
[SourceTitle "CBM 198"]
[Source "ChessBase"]
[SourceDate "2020.10.31"]
[SourceVersion "1"]
[SourceVersionDate "2020.10.31"]
[SourceQuality "1"]
[WhiteTeam "Russia"]
[BlackTeam "United States"]
[WhiteTeamCountry "RUS"]
[BlackTeamCountry "USA"]

1. e4 c5 2. Nf3 d6 3. d4 cxd4 4. Nxd4 Nf6 5. Nc3 Nc6 6. Bg5 e6 7. Qd2 a6 8. 0-0-0 Bd7 9. f4 Be7 10. Nf3 b5 11. Bxf6 gxf6 12. Kb1 Qb6 13. Bd3 0-0-0 14. Rhe1 Rhe8 15. f5 b4 16. Ne2 Ne5 17. Nfd4 Nxd3 18. Qxd3 e5 19. Qc4+ Kb8 20. Nb3 Rf8 21. Nec1 Rc8 22. Qd5 Bc6 23. Qa5 Qxa5 24. Nxa5 Ba8 25. b3 Rg8 26. g3 Rg4 27. Nd3 Bxe4 28. h3 Bxd3 29. Rxd3 Rg5 30. g4 Rc5 31. Nc4 d5 32. Nb6 Rb5 33. Nxd5 Bc5 34. Nxf6 Bd4 35. h4 Rg7 36. g5 Rb7 37. Rxd4 exd4 38. Re8+ Kc7 39. Nh5 Rxg5 40. hxg5 Kd6 41. Nf6 Rb5 42. Ra8 a5 43. Ne4+ Ke5 44. Re8+ Kxf5 45. Nd6+ 1-0

[Event "Online Olym Div Top-D"]
[Site "Chess.com INT"]
[Date "2020.08.22"]
[Round "4.6"]
[White "Wang, Annie"]
[Black "De Freitas, Isabella Ribeiro Co"]
[Result "1/2-1/2"]
[WhiteElo "2392"]
[BlackElo "1755"]
[PlyCount "56"]
[EventDate "2020.08.21"]
[EventType "team-tourn (rapid)"]
[EventRounds "9"]
[EventCountry "USA"]
[SourceTitle "CBM 198"]
[Source "ChessBase"]
[SourceDate "2020.10.31"]
[SourceVersion "1"]
[SourceVersionDate "2020.10.31"]
[SourceQuality "1"]
[WhiteTeam "United States"]
[BlackTeam "Brazil"]
[WhiteTeamCountry "USA"]
[BlackTeamCountry "BRA"]

1. d4 d5 2. c4 e6 3. Nc3 Nf6 4. cxd5 Nxd5 5. e4 Nxc3 6. bxc3 c5 7. Nf3 cxd4 8. cxd4 Bb4+ 9. Bd2 Bxd2+ 10. Qxd2 0-0 11. Be2 b6 12. 0-0 Bb7 13. Qe3 Nd7 14. Rac1 Nf6 15. Bd3 Qe7 16. Bb1 Rac8 17. h3 Rxc1 18. Rxc1 Rc8 19. Rxc8+ Bxc8 20. Qc3 Bb7 21. Nd2 g6 22. f3 Nh5 23. Bd3 Qg5 24. Bf1 Nf4 25. Kh2 Nh5 26. Nc4 Qg3+ 27. Kg1 Bxe4 28. Ne5 Bb7 1/2-1/2

[Event "Online Olym Div Top-D"]
[Site "Chess.com INT"]
[Date "2020.08.21"]
[Round "1.6"]
[White "Avramidou, Anastasia"]
[Black "Wang, Annie"]
[Result "1/2-1/2"]
[WhiteElo "2267"]
[BlackElo "2392"]
[PlyCount "74"]
[EventDate "2020.08.21"]
[EventType "team-tourn (rapid)"]
[EventRounds "9"]
[EventCountry "USA"]
[SourceTitle "CBM 198"]
[Source "ChessBase"]
[SourceDate "2020.10.31"]
[SourceVersion "1"]
[SourceVersionDate "2020.10.31"]
[SourceQuality "1"]
[WhiteTeam "Greece"]
[BlackTeam "United States"]
[WhiteTeamCountry "GRE"]
[BlackTeamCountry "USA"]

1. d4 Nf6 2. c4 e6 3. Nc3 Bb4 4. Bd2 d5 5. e3 0-0 6. a3 Be7 7. Nf3 b6 8. cxd5 exd5 9. Bd3 c5 10. 0-0 Bb7 11. Ne5 Nc6 12. Nxc6 Bxc6 13. Rc1 Qd7 14. Qf3 Rfd8 15. Rfd1 Bd6 16. h3 Qe7 17. Qe2 Ne4 18. Be1 Re8 19. Bb5 Bxb5 20. Nxb5 c4 21. Nxd6 Qxd6 22. f3 Nf6 23. Bf2 b5 24. Re1 a5 25. Qc2 h6 26. e4 dxe4 27. fxe4 Qf4 28. e5 Nd5 29. Re4 Qg5 30. Rg4 Qe7 31. Qd2 Qe6 32. Bh4 Rec8 33. Rf1 Kh7 34. Qc2+ Kh8 35. Qd2 Kh7 36. Qc2+ Kh8 37. Qd2 Kh7 1/2-1/2

[Event "Pan American-ch U20"]
[Site "Cochabamba"]
[Date "2019.08.05"]
[Round "7"]
[White "Wang, Annie"]
[Black "Acosta, Pablo Ismael"]
[Result "1/2-1/2"]
[WhiteElo "2321"]
[BlackElo "2440"]
[PlyCount "86"]
[EventDate "2019.08.01"]
[EventType "swiss"]
[EventRounds "9"]
[EventCountry "BOL"]
[SourceTitle "EXT 2021"]
[Source "ChessBase"]
[SourceDate "2020.10.23"]
[SourceVersion "1"]
[SourceVersionDate "2020.10.23"]
[SourceQuality "1"]

1. d4 d5 2. c4 c6 3. Nc3 Nf6 4. Nf3 e6 5. e3 Nbd7 6. Qc2 Bd6 7. b3 0-0 8. Be2 e5 9. cxd5 cxd5 10. Nb5 Bb8 11. dxe5 Nxe5 12. 0-0 Bg4 13. Nbd4 Qc8 14. Qxc8 Rxc8 15. Ba3 Nxf3+ 16. gxf3 Be6 17. Rac1 Be5 18. Nb5 Ne8 19. f4 Bf6 20. Bf3 a6 21. Nd6 Rxc1 22. Rxc1 Be7 23. Nc4 Bxa3 24. Nxa3 Rd8 25. Rd1 f5 26. Nc2 Kf7 27. Nd4 Ke7 28. Rc1 Kd6 29. b4 g6 30. Rc5 Nf6 31. Bd1 Bd7 32. f3 b6 33. Rc3 a5 34. bxa5 bxa5 35. Ra3 Ra8 36. Rb3 Ne8 37. Nb5+ Bxb5 38. Rxb5 Nc7 39. Rb2 Rc8 40. Ba4 Na8 41. Kf2 Rc1 42. Rb5 Rc5 43. Rb1 Nc7 1/2-1/2

[Event "North American-ch U20"]
[Site "Charlotte"]
[Date "2019.06.29"]
[Round "8"]
[White "Wang, Annie"]
[Black "Wen, Teddie"]
[Result "1-0"]
[WhiteElo "2334"]
[BlackElo "1916"]
[PlyCount "103"]
[EventDate "2019.06.26"]
[EventType "swiss"]
[EventRounds "9"]
[EventCountry "USA"]
[SourceTitle "CBM 191 Extra"]
[Source "ChessBase"]
[SourceDate "2019.09.30"]
[SourceVersion "1"]
[SourceVersionDate "2019.09.30"]
[SourceQuality "1"]

1. d4 d5 2. c4 c6 3. Nc3 Nf6 4. Nf3 dxc4 5. a4 Bf5 6. Ne5 Nbd7 7. Nxc4 Nb6 8. Ne5 a5 9. f3 Nfd7 10. Nxd7 Nxd7 11. e4 Bg6 12. Be2 e6 13. 0-0 Bb4 14. Be3 0-0 15. Qb3 Qb6 16. Rfd1 Bc5 17. Qc2 Bb4 18. Kh1 Rfd8 19. Bc4 e5 20. Bg5 Rdc8 21. Ne2 exd4 22. Rxd4 Ne5 23. Ba2 Bc5 24. Rdd1 Kh8 25. Nf4 f6 26. Bh4 Be3 27. Nd3 Nxd3 28. Rxd3 Rd8 29. Rad1 Bd4 30. Qd2 c5 31. Bf2 Rac8 32. Bc4 h5 33. h3 Qc6 34. b3 f5 35. Bxd4 cxd4 36. e5 Qe8 37. Rxd4 Rxd4 38. Qxd4 Bf7 39. Bxf7 Qxf7 40. Qd7 Qxd7 41. Rxd7 Rc1+ 42. Kh2 Re1 43. f4 b6 44. Rb7 Re4 45. Rxb6 Rxf4 46. Rb5 g5 47. Rxa5 h4 48. e6 Kg7 49. Re5 g4 50. hxg4 fxg4 51. e7 g3+ 52. Kh3 1-0

[Event "North American-ch U20"]
[Site "Charlotte"]
[Date "2019.06.26"]
[Round "1"]
[White "Zhao, Erick"]
[Black "Wang, Annie"]
[Result "0-1"]
[WhiteElo "1993"]
[BlackElo "2334"]
[PlyCount "78"]
[EventDate "2019.06.26"]
[EventType "swiss"]
[EventRounds "9"]
[EventCountry "USA"]
[SourceTitle "CBM 191 Extra"]
[Source "ChessBase"]
[SourceDate "2019.09.30"]
[SourceVersion "1"]
[SourceVersionDate "2019.09.30"]
[SourceQuality "1"]

1. e4 c5 2. Nf3 d6 3. d4 cxd4 4. Nxd4 Nf6 5. Nc3 Nc6 6. Bg5 e6 7. Qd2 a6 8. 0-0-0 Bd7 9. f3 Nxd4 10. Qxd4 Be7 11. Kb1 b5 12. e5 dxe5 13. Qxe5 0-0 14. Ne4 Nxe4 15. Bxe7 Qxe7 16. Qxe4 Rac8 17. Bd3 f5 18. Qe2 e5 19. Rhe1 Rfe8 20. g4 e4 21. fxe4 fxg4 22. e5 Be6 23. h3 gxh3 24. Qh5 g6 25. Rg1 Bf7 26. Qxh3 Qxe5 27. Rh1 Qg7 28. Rh2 Rc7 29. Qg3 Rce7 30. a3 Re3 31. Qh4 R3e5 32. Qb4 Qf6 33. b3 Qe7 34. Qf4 Bd5 35. Ka2 Qg7 36. Rg1 Bf7 37. Rgh1 Re1 38. Rxe1 Rxe1 39. c3 Qxc3 0-1